Complete Sentence Cinema Quiz Stats

 Plays Quiz Updated Jul 30, 2017

Support Sporcle.
Go Orange.
Score 0/20 Timer 06:00
2 Plays Today
% Correct
Who Framed Roger Rabbit
95.5%
The Devil Wears Prada
88.8%
Catch Me If You Can
77.4%
White Men Can't Jump
77.2%
It's a Wonderful Life
70.5%
Remember the Titans
61.5%
Some Like It Hot
60.1%
There Will Be Blood
51.9%
A River Runs Through It
44.8%
Life Is Beautiful
44.7%
% Correct
Heaven Can Wait
33.1%
What's Love Got to Do with It
32.6%
The Kids Are All Right
31.4%
Do the Right Thing
30.2%
Who's Afraid of Virginia Woolf?
29.2%
Live and Let Die
29.1%
We Need to Talk About Kevin
26.9%
It Happened One Night
25.7%
Play Misty for Me
19.7%
A Star Is Born
13.9%

You're not logged in!

Compare scores with friends on all Sporcle quizzes.
OR
Log In
Forgot?

From the Vault

Metric System (SI) Prefixes

by Derek

The International System of Units is the modern form of the metric system. These prefixes might be more familiar than you think...or perhaps not.
Remove Ads.
Support Sporcle.
Get the best of Sporcle when you Go Orange. This ad-free experience offers more features, more stats, and more fun while also helping to support Sporcle. Thank you for becoming a member.

Show Comments

Extras

Top Quizzes Today


Score Distribution

Your Account Isn't Verified!

In order to create a playlist on Sporcle, you need to verify the email address you used during registration. Go to your Sporcle Settings to finish the process.

Report this User

Report this user for behavior that violates our Community Guidelines.

Details: